Les oiseaux observables en Bretagne - Images aléatoires - Statistiques

Statistiques générales
  • Ce quiz a été pris 277 fois
    116 depuis la dernière actualisation
  • Le résultat moyen est 11 sur 20
Statistiques - réponses
Par images Réponse % Correct
Canard colvert
100%
Cygne tuberculé
100%
Échasse blanche
100%
Faucon crécerelle
100%
Gallinule poule-d'eau
100%
Goéland leucophée
100%
Grand cormoran
100%
Grive musicienne
100%
Guillemot de Troïl
100%
Héron cendré
100%
Mésange huppée
100%
Pic mar
100%
Pic noir
100%
Pic vert
100%
Roitelet huppé
100%
Rougegorge familier
100%
Rougequeue à front blanc
100%
Spatule blanche
100%
Goéland marin
83%
Macareux moine
83%
Bergeronnette grise
80%
Canard souchet
80%
Moineau domestique
80%
Pigeon biset
80%
Mésange charbonnière
78%
Pigeon ramier
78%
Alouette lulu
75%
Grand corbeau
75%
Grèbe huppé
75%
Oie cendrée
75%
Rousserolle effarvatte
75%
Verdier d'Europe
75%
Bergeronnette printanière
67%
Bruant des roseaux
67%
Bruant jaune
67%
Bruant zizi
67%
Buse variable
67%
Cigogne blanche
67%
Fou de Bassan
67%
Fuligule morillon
67%
Geai des chênes
67%
Hibou moyen-duc
67%
Hirondelle de fenêtre
67%
Mouette mélanocéphale
67%
Pinson des arbres
67%
Pipit farlouse
67%
Sarcelle d'hiver
67%
Vanneau huppé
67%
Chouette hulotte
63%
Corneille noire
63%
Alouette des champs
60%
Foulque macroule
60%
Mésange bleue
60%
Roitelet à triple-bandeau
60%
Tarier pâtre
60%
Goéland cendré
57%
Gorgebleue à miroir
57%
Accenteur mouchet
50%
Busard Saint-Martin
50%
Chevalier guignette
50%
Combattant varié
50%
Courlis cendré
50%
Engoulevent d'Europe
50%
Fauvette à tête noire
50%
Fuligule milouin
50%
Grand gravelot
50%
Gravelot à collier interrompu
50%
Grèbe castagneux
50%
Grimpereau des jardins
50%
Gros-bec casse-noyaux
50%
Héron garde-boeufs
50%
Hirondelle rustique
50%
Huîtrier pie
50%
Loriot d'Europe
50%
Martinet noir
50%
Merle noir
50%
Mésange nonnette
50%
Mouette rieuse
50%
Nette rousse
50%
Petit gravelot
50%
Pic épeiche
50%
Pouillot véloce
50%
Râle d'eau
50%
Sittelle torchepot
50%
Tourterelle des bois
50%
Tourterelle turque
50%
Traquet motteux
50%
Gobemouche gris
43%
Linotte mélodieuse
43%
Bernache cravant
40%
Bondrée apivore
40%
Canard siffleur
40%
Choucas des tours
40%
Cigogne noire
40%
Corbeau freux
40%
Cormoran huppé
40%
Grive draine
40%
Avocette élégante
33%
Bécasseau sanderling
33%
Bécassine des marais
33%
Bergeronnette des ruisseaux
33%
Chardonneret élégant
33%
Goéland brun
33%
Hirondelle de rivage
33%
Orite à longue queue
33%
Panure à moustaches
33%
Pie bavarde
33%
Pipit des arbres
33%
Serin cini
33%
Tarin des aulnes
33%
Troglodyte mignon
33%
Bécasseau variable
25%
Busard des roseaux
25%
Chevalier sylvain
25%
Cisticole des joncs
25%
Étourneau sansonnet
25%
Fauvette des jardins
25%
Fulmar boréal
25%
Sterne pierregarin
25%
Tadorne de Belon
25%
Bernache nonnette
20%
Canard chipeau
20%
Canard pilet
20%
Épervier d'Europe
20%
Tournepierre à collier
13%
Aigrette garzette
0%
Bouscarle de Cetti
0%
Coucou gris
0%
Fauvette grisette
0%
Goéland argenté
0%
Grande aigrette
0%
Hypolaïs polyglotte
0%
Martin-pêcheur d'Europe
0%
Perdrix grise
0%
Pic épeichette
0%
Pigeon colombin
0%
Pingouin torda
0%
Pipit spioncelle
0%
Rossignol philomèle
0%
Rougequeue noir
0%
Aucun quiz correspondant
Distribution des résultats
% des personnes avec chaque résultat
Percentile par nombre de réponses
Votre historique - résultats
Vous n’avez pas pris ce quiz depuis la dernière actualisation